000 00643nam a2200229Ia 4500
003 OSt
005 20220923214658.0
006 a|||||r|||| 00| 0
007 ta
008 220922b |||||||| |||| 00| 0 hin d
024 _a171,591
037 _cTextual
040 _aARTS
_cARTS
_bhin
041 _2hin
_ahin
082 _aO153:3N24:11, 152K0
100 _aवेद प्रकाश
245 0 _aहीर, विजय चन्द अनु
246 _aHīra, vijaya chanda anu0
260 _c1960
942 _hO153:3N24:11, 152K0
_cTEXL
_2CC
999 _c325743
_d325743